Tratado de química orgánica / (Record no. 135659)
[ view plain ]
| 000 -LEADER | |
|---|---|
| campo de control de longitud fija | 00634nam a2200205 i 4500 |
| 001 - NÚMERO DE CONTROL | |
| campo de control | 135659 |
| 003 - IDENTIFICADOR DE NÚMERO DE CONTROL | |
| campo de control | ES-MaACL |
| 005 - FECHA Y HORA DE LA ÚLTIMA TRANSACCIÓN | |
| campo de control | 20250815113044.0 |
| 007 - CAMPO FIJO DE DESCRIPCIÓN FÍSICA--INFORMACIÓN GENERAL | |
| campo de control de longitud fija | t| |
| 008 - DATOS DE LONGITUD FIJA--INFORMACIÓN GENERAL | |
| campo de control de longitud fija | 070730s1945 sp ||||1| spa d |
| 080 ## - NÚMERO DE LA CLASIFICACIÓN DECIMAL UNIVERSAL | |
| Número de la Clasificación Decimal Universal | 547(075.8) |
| 100 1# - ENTRADA PRINCIPAL--NOMBRE DE PERSONA | |
| Nombre de persona | Torres González, Cándido. |
| 9 (RLIN) | 110963 |
| 245 10 - MENCIÓN DEL TÍTULO | |
| Título | Tratado de química orgánica / |
| Mención de responsabilidad, etc. | C. Torres González. |
| 260 ## - PUBLICACIÓN, DISTRIBUCIÓN, ETC. | |
| Lugar de publicación, distribución, etc. | Madrid : |
| Nombre del editor, distribuidor, etc. | S.A.E.T.A., |
| Fecha de publicación, distribución, etc. | 1945. |
| 300 ## - DESCRIPCIÓN FÍSICA | |
| Extensión | 2 v. (1316 p.) ; |
| Dimensiones | 25 cm. |
| 505 8# - NOTA DE CONTENIDO CON FORMATO | |
| Nota de contenido con formato | Contiene: v. I. Serie acíclica - v. II. Serie cíclica |
| 650 #7 - PUNTO DE ACCESO ADICIONAL DE MATERIA--TÉRMINO DE MATERIA | |
| Término de materia o nombre geográfico como elemento de entrada | Química orgánica |
| Fuente del encabezamiento o término | embne |
| 9 (RLIN) | 136799 |
| 852 ## - LOCALIZACIÓN | |
| Ubicación | ES-MaACL |
| Número de control de estantería | L-11860-61 |
| Sublocalización o colección | R.111436 |
| Estatus retirado | Estado de pérdida | Estado de daño | No para préstamo | Biblioteca de origen | Biblioteca actual | Ubicación en estantería | Fecha de adquisición | Fuente de adquisición | Total de préstamos | Signatura topográfica completa | Código de barras | Visto por última vez | Precio de reemplazo | Tipo de ítem Koha |
|---|---|---|---|---|---|---|---|---|---|---|---|---|---|---|
| Biblioteca del Ateneo de Madrid | Biblioteca del Ateneo de Madrid | Depósito 2 | 17/01/2008 | L-11860-61 | 1141189 | 23/02/2023 | 23/02/2023 | Libro impreso |
